Revealing Pictures of Hollywood Stars - Statistics

General Stats
  • This quiz has been taken 6,953 times
  • The average score is 7 of 12
Answers on the Map
Answers color-coded by a green-red scale on the quiz's map according to % correct below.
 
Answer Stats
% Correct
Dwayne Johnson
79%
Leonardo DiCaprio
77%
Jack Black
75%
Matt Damon
75%
Tom Cruise
75%
Marilyn Monroe
74%
Ryan Reynolds
74%
Emma Watson
73%
Scarlett Johansson
73%
Will Smith
73%
Tom Hanks
72%
Vin Diesel
72%
Arnold Schwarzenegger
71%
Benedict Cumberbatch
71%
Margot Robbie
71%
Chris Hemsworth
70%
Robert Downey Jr.
70%
Samuel L Jackson
70%
Jennifer Aniston
69%
Johnny Depp
69%
Morgan Freeman
69%
Daniel Craig
68%
Jim Carrey
68%
Natalie Portman
68%
Tobey Maguire
68%
Zac Efron
68%
Kevin Hart
67%
Angelina Jolie
66%
Ben Stiller
66%
Denzel Washington
66%
Harrison Ford
66%
Mark Wahlberg
66%
Nicolas Cage
66%
Paul Rudd
66%
Robert Pattinson
66%
Andrew Garfield
65%
Ben Affleck
65%
Daniel Radcliffe
65%
Jennifer Lawrence
65%
Steve Carell
65%
Bruce Willis
64%
Eddie Murphy
64%
George Clooney
64%
Meryl Streep
64%
Sylvester Stallone
64%
Brad Pitt
63%
Chris Pratt
63%
Hugh Jackman
63%
Jeremy Renner
63%
Tom Holland
63%
Mark Ruffalo
62%
Ricky Gervais
62%
Robert De Niro
61%
Julia Roberts
60%
Mila Kunis
60%
Bradley Cooper
59%
Chris Evans
59%
Christian Bale
59%
David Schwimmer
59%
Liam Neeson
59%
Audrey Hepburn
57%
Idris Elba
57%
John Travolta
56%
Judi Dench
56%
Adam Driver
55%
Bill Murray
55%
Cameron Diaz
55%
Halle Berry
55%
Hugh Grant
55%
Reese Witherspoon
55%
Russell Crowe
55%
Ian McKellen
54%
Elijah Wood
53%
Ewan McGregor
53%
Gwyneth Paltrow
53%
Helena Bonham Carter
53%
Mark Hamill
53%
Mel Gibson
53%
Kate Winslet
52%
Orlando Bloom
52%
Al Pacino
51%
Sacha Baron Cohen
51%
Brie Larson
50%
Cate Blanchett
50%
Nicole Kidman
50%
Pierce Brosnan
50%
Michael Douglas
49%
Patrick Stewart
49%
Penelope Cruz
49%
Carrie Fisher
48%
Emily Blunt
47%
Tom Hardy
47%
Uma Thurman
47%
Elliot Page
46%
Jason Statham
46%
Tom Hiddleston
46%
Demi Moore
44%
Don Cheadle
44%
Tilda Swinton
44%
Zoe Saldaña
44%
Jeff Bridges
43%
Mike Myers
43%
Sean Connery
43%
Chadwick Boseman
41%
David Hasselhoff
41%
Sigourney Weaver
40%
Charlize Theron
39%
Christopher Walken
39%
Catherine Zeta-Jones
38%
Dustin Hoffman
38%
Elizabeth Taylor
38%
Helen Mirren
38%
Roger Moore
38%
Josh Brolin
37%
Robert Redford
37%
Jodie Foster
36%
Julianne Moore
36%
Anthony Mackie
35%
Michelle Pfeiffer
34%
Glenn Close
33%
John Boyega
32%
Paul Bettany
32%
Daisy Ridley
31%
Viggo Mortensen
31%
John Wayne
27%
Daniel Day-Lewis
22%
Wesley Snipes
21%
Monica Bellucci
14%
No matching quizzes found
Score Distribution
Percent of People with Each Score
Percentile by Number Answered
Your Score History
You have not taken this quiz